[Event "TCh-FRA Top 16 GpB 2022"]
[Site "Chartres FRA"]
[Date "2022.06.12"]
[Round "4.4"]
[Board "4"]
[White "Godart, Francois"]
[Black "Favarel, Julien"]
[Result "0-1"]
[WhiteTitle "IM"]
[BlackTitle "FM"]
[WhiteElo "2394"]
[BlackElo "2312"]
[WhiteTeam "Les Tours des Hauts de France - St Quentin"]
[BlackTeam "Echiquier Agenais"]
[WhiteFideId "208078"]
[BlackFideId "633453"]
[EventDate "2022.06.09"]

1. d4 Nf6 2. c4 g6 3. g3 Bg7 4. Bg2 O-O 5. Nc3 d6 6. Nf3 c5 7. d5 e6 8. O-O Re8
9. dxe6 Bxe6 10. Ng5 Bxc4 11. Bxb7 Nbd7 12. b3 Rb8 13. bxc4 Rxb7 14. Bf4 h6 15.
Nf3 Nh5 16. Bd2 Nb6 17. Rb1 Rbe7 18. Qb3 Nf6 19. Rfd1 Ne4 20. e3 Qa8 21. Nd5
Nxd5 22. cxd5 Qc8 23. Qc4 Qg4 24. Qe2 Ng5 25. Kg2 Nxf3 26. Qxf3 Qa4 27. Qf4 Qa6
28. Be1 Re4 29. Rb8 Rxf4 30. Rxe8+ Kh7 31. Kh1 0-1

[Event "TCh-FRA Top 16 GpB 2022"]
[Site "Chartres FRA"]
[Date "2022.06.12"]
[Round "4.4"]
[Board "5"]
[White "Ternault, Mathieu"]
[Black "Chabanon, Jean-Luc"]
[Result "1/2-1/2"]
[WhiteTitle "FM"]
[BlackTitle "GM"]
[WhiteElo "2367"]
[BlackElo "2429"]
[WhiteTeam "Echiquier Agenais"]
[BlackTeam "Les Tours des Hauts de France - St Quentin"]
[WhiteFideId "20641532"]
[BlackFideId "600075"]
[EventDate "2022.06.09"]

1. Nf3 Nf6 2. c4 g6 3. g3 Bg7 4. Bg2 O-O 5. d4 d6 6. Nc3 Nc6 7. O-O e5 8. d5 Ne7
9. e4 Nd7 10. Kh1 a5 11. Be3 h6 12. Nh4 Nc5 13. Qc2 f5 14. exf5 g5 15. Ng6 Bxf5
16. Nxe7+ Qxe7 17. Ne4 Nxe4 18. Bxe4 Qd7 19. f3 b6 20. a4 Bxe4 21. Qxe4 Qf5 22.
g4 Qxe4 23. fxe4 Rxf1+ 24. Rxf1 Rf8 25. Re1 Bf6 26. Kg2 Be7 27. Bd2 Kf7 28. Rf1+
Ke8 29. Ra1 Kd7 30. Ra3 Rf6 31. Rh3 Bf8 32. Rh5 Rg6 33. Rh3 Rf6 34. Rb3 Be7 35.
Rb5 Rf8 36. Be3 Rh8 37. Bf2 Rf8 38. Bg3 Re8 39. Rb3 Rf8 40. h3 Bd8 41. Bh2 Be7
42. Rb5 Bd8 43. Rb3 Be7 44. Rf3 Rxf3 45. Kxf3 Kc8 46. Bg3 Kb7 47. Ke2 Ka6 48.
Kd3 Bd8 49. Be1 Kb7 50. Bd2 c5 51. dxc6+ Kxc6 52. Be3 Bf6 53. Kc3 Be7 54. b3 1/2-1/2

[Event "TCh-FRA Top 16 GpB 2022"]
[Site "Chartres FRA"]
[Date "2022.06.12"]
[Round "4.4"]
[Board "6"]
[White "Housieaux, David"]
[Black "Boukhris-Ferre, Yacine"]
[Result "1-0"]
[WhiteTitle "IM"]
[WhiteElo "2412"]
[BlackElo "2183"]
[WhiteTeam "Les Tours des Hauts de France - St Quentin"]
[BlackTeam "Echiquier Agenais"]
[WhiteFideId "617938"]
[BlackFideId "697087"]
[EventDate "2022.06.09"]

1. Nf3 Nf6 2. c4 g6 3. Nc3 Bg7 4. e4 d6 5. d4 O-O 6. Be2 e5 7. d5 a5 8. Bg5 h6
9. Bh4 Na6 10. Nd2 Qe8 11. a3 Nh7 12. b4 f5 13. f3 Bd7 14. Rb1 axb4 15. axb4 c5
16. dxc6 bxc6 17. O-O Nc7 18. Nb3 Ne6 19. Qxd6 Nd4 20. b5 Ng5 21. bxc6 Bxc6 22.
Nxd4 exd4 23. Nd5 Kh7 24. Nc7 Qd8 25. Qxc6 Rc8 26. Rb7 d3 27. Bd1 Rf7 28. exf5
Rfxc7 29. fxg6+ Kg8 30. Rxc7 Rxc7 31. Qd5+ Qxd5 32. cxd5 Rc4 33. Bf2 1-0

[Event "TCh-FRA Top 16 GpB 2022"]
[Site "Chartres FRA"]
[Date "2022.06.12"]
[Round "4.4"]
[Board "7"]
[White "Roubert, Emile"]
[Black "Brochet, Philippe"]
[Result "0-1"]
[BlackTitle "IM"]
[WhiteElo "2027"]
[BlackElo "2390"]
[WhiteTeam "Echiquier Agenais"]
[BlackTeam "Les Tours des Hauts de France - St Quentin"]
[WhiteFideId "680311"]
[BlackFideId "602469"]
[EventDate "2022.06.09"]

1. e4 c5 2. Nf3 d6 3. d4 cxd4 4. Nxd4 Nf6 5. Nc3 a6 6. Be2 Nbd7 7. O-O g6 8. Re1
Bg7 9. Bf1 O-O 10. Bg5 Re8 11. a4 b6 12. Nd5 Bb7 13. c4 h6 14. Bh4 e6 15. Nc3
Qc7 16. Rc1 Rad8 17. f3 Qb8 18. Nc2 Ne5 19. Ne3 g5 20. Bf2 Bc6 21. Qb3 Qb7 22.
Red1 g4 23. Be2 gxf3 24. gxf3 Kh8 25. Ng2 Rg8 26. Qxb6 Qe7 27. Qe3 Rb8 28. Rc2
Rb4 29. Qd2 Bf8 30. Kh1 Qb7 31. Bh4 Nh5 32. Nf4 Nxf4 33. Qxf4 Ng6 34. Bf6+ Kh7
35. Qd2 Ne5 36. Rg1 Rxg1+ 37. Kxg1 Bxa4 38. Nxa4 Rxa4 39. c5 Bg7 40. Bxg7 Kxg7
41. Qxd6 Ra1+ 42. Kg2 Ng6 43. c6 Qb6 44. Bd1 Qe3 45. c7 Nf4+ 46. Kg3 Qg1+ 0-1

[Event "TCh-FRA Top 16 GpB 2022"]
[Site "Chartres FRA"]
[Date "2022.06.12"]
[Round "4.4"]
[Board "8"]
[White "Monpeurt, Cyrielle"]
[Black "Gennesseaux, Gabrielle"]
[Result "1/2-1/2"]
[WhiteTitle "WFM"]
[WhiteElo "2172"]
[BlackElo "1794"]
[WhiteTeam "Les Tours des Hauts de France - St Quentin"]
[BlackTeam "Echiquier Agenais"]
[WhiteFideId "677400"]
[BlackFideId "20686684"]
[EventDate "2022.06.09"]

1. e4 e6 2. d4 d5 3. Bd3 dxe4 4. Bxe4 Nf6 5. Bf3 Be7 6. Ne2 O-O 7. O-O Nbd7 8.
Nbc3 c6 9. Re1 e5 10. Ng3 exd4 11. Qxd4 Bc5 12. Qh4 Re8 13. Bf4 Nf8 14. Rxe8
Qxe8 15. Nge4 Nxe4 16. Nxe4 Ng6 17. Qg3 Be7 18. Nd6 Qf8 19. Nxc8 Rxc8 20. Be3
Bd6 21. Qg5 a6 22. Rd1 Re8 23. Qa5 Qe7 24. Qd2 Bc7 25. b3 Ne5 26. Be2 Rd8 27.
Qc1 Rxd1+ 28. Qxd1 h6 29. Qd4 Nd7 30. Qg4 Nf6 31. Qc8+ Ne8 32. g3 Bd6 33. Bg4
Kh7 34. Bf5+ g6 35. Bd3 Nf6 36. Qh3 h5 37. Qh4 Nd5 38. Bg5 Qe1+ 39. Kg2 Kg7 40.
Qd4+ Qe5 41. Qxe5+ Bxe5 42. c4 Nc7 43. Be3 Ne6 44. f4 Bd6 45. Kf3 f5 46. Ke2 Kf6
47. Kf3 Ke7 48. h3 a5 49. Bb1 Kf6 1/2-1/2

[Event "TCh-FRA Top 16 GpB 2022"]
[Site "Chartres FRA"]
[Date "2022.06.13"]
[Round "5.1"]
[Board "1"]
[White "Neiksans, Arturs"]
[Black "Esipenko, Andrey"]
[Result "1/2-1/2"]
[WhiteTitle "GM"]
[BlackTitle "GM"]
[WhiteElo "2590"]
[BlackElo "2705"]
[WhiteTeam "Les Tours des Hauts de France - St Quentin"]
[BlackTeam "Asnieres - Le Grand Echiquier"]
[WhiteFideId "11601388"]
[BlackFideId "24175439"]
[EventDate "2022.06.09"]

1. e4 e5 2. Nf3 Nc6 3. Nc3 Nf6 4. d4 exd4 5. Nxd4 Bb4 6. Nxc6 bxc6 7. Bd3 O-O 8.
O-O d5 9. exd5 cxd5 10. Bg5 Be6 11. Qf3 Be7 12. Qg3 c5 13. Rad1 Qb8 14. Bf4 Qb4
15. a3 Qb6 16. Bh6 Ne8 17. b3 Kh8 18. Bc1 Bf6 19. Ne2 g6 1/2-1/2

[Event "TCh-FRA Top 16 GpB 2022"]
[Site "Chartres FRA"]
[Date "2022.06.13"]
[Round "5.1"]
[Board "2"]
[White "Moussard, Jules"]
[Black "Housieaux, David"]
[Result "1-0"]
[WhiteTitle "GM"]
[BlackTitle "IM"]
[WhiteElo "2668"]
[BlackElo "2412"]
[WhiteTeam "Asnieres - Le Grand Echiquier"]
[BlackTeam "Les Tours des Hauts de France - St Quentin"]
[WhiteFideId "642908"]
[BlackFideId "617938"]
[EventDate "2022.06.09"]

1. e4 e6 2. d4 d5 3. Nd2 Nf6 4. e5 Nfd7 5. c3 c5 6. f4 Nc6 7. Ndf3 Qb6 8. a3 a5
9. b3 Be7 10. h4 h5 11. Be2 f6 12. Nh3 cxd4 13. cxd4 Ndb8 14. Qd3 f5 15. O-O Na6
16. Bd2 Bd7 17. Rfb1 Nc7 18. Nf2 Nd8 19. Qe3 Nb5 20. b4 a4 21. Nd3 Nc7 22. b5
Bxb5 23. Bb4 Bxb4 24. Rxb4 Nc6 25. Rb2 Na5 26. Nc5 Nc4 27. Bxc4 dxc4 28. Ng5 Rh6
29. Rab1 Rd8 30. Nxa4 Qc6 31. Nc3 Nd5 32. Nxd5 Rxd5 33. a4 Ba6 34. Rb6 Qd7 35.
Rxa6 bxa6 36. Rb8+ Ke7 37. Qa3+ 1-0

[Event "TCh-FRA Top 16 GpB 2022"]
[Site "Chartres FRA"]
[Date "2022.06.13"]
[Round "5.1"]
[Board "3"]
[White "Brochet, Philippe"]
[Black "Gozzoli, Yannick"]
[Result "1/2-1/2"]
[WhiteTitle "IM"]
[BlackTitle "GM"]
[WhiteElo "2390"]
[BlackElo "2594"]
[WhiteTeam "Les Tours des Hauts de France - St Quentin"]
[BlackTeam "Asnieres - Le Grand Echiquier"]
[WhiteFideId "602469"]
[BlackFideId "616915"]
[EventDate "2022.06.09"]

1. e4 e5 2. Nf3 Nc6 3. Bc4 Nf6 4. d3 Be7 5. O-O O-O 6. Re1 d6 7. c3 Na5 8. Bb5
a6 9. Ba4 b5 10. Bc2 c5 11. Nbd2 Nc6 12. Nf1 h6 13. h3 Re8 14. d4 cxd4 15. cxd4 1/2-1/2

[Event "TCh-FRA Top 16 GpB 2022"]
[Site "Chartres FRA"]
[Date "2022.06.13"]
[Round "5.1"]
[Board "4"]
[White "Cornette, Matthieu"]
[Black "Dionisi, Thomas"]
[Result "1/2-1/2"]
[WhiteTitle "GM"]
[BlackTitle "IM"]
[WhiteElo "2563"]
[BlackElo "2410"]
[WhiteTeam "Asnieres - Le Grand Echiquier"]
[BlackTeam "Les Tours des Hauts de France - St Quentin"]
[WhiteFideId "620084"]
[BlackFideId "651893"]
[EventDate "2022.06.09"]

1. e4 e5 2. Nf3 Nc6 3. Bb5 a6 4. Ba4 Bc5 5. c3 Nge7 6. O-O Ba7 7. d4 Ng6 8. Be3
O-O 9. Re1 exd4 10. cxd4 d5 11. Bxc6 bxc6 12. e5 f6 13. exf6 Qxf6 14. Nbd2 Nf4
15. Bxf4 Qxf4 16. Qc2 Qd6 17. Nb3 Bf5 18. Qc3 Be4 19. Re3 Bxf3 20. Rxf3 Rxf3 21.
Qxf3 1/2-1/2

[Event "TCh-FRA Top 16 GpB 2022"]
[Site "Chartres FRA"]
[Date "2022.06.13"]
[Round "5.1"]
[Board "5"]
[White "Chabanon, Jean-Luc"]
[Black "Movsesian, Sergei"]
[Result "0-1"]
[WhiteTitle "GM"]
[BlackTitle "GM"]
[WhiteElo "2429"]
[BlackElo "2607"]
[WhiteTeam "Les Tours des Hauts de France - St Quentin"]
[BlackTeam "Asnieres - Le Grand Echiquier"]
[WhiteFideId "600075"]
[BlackFideId "310204"]
[EventDate "2022.06.09"]

1. d4 Nf6 2. c4 e6 3. Nf3 d5 4. g3 Bb4+ 5. Bd2 a5 6. Bg2 O-O 7. Qc2 c5 8. dxc5
d4 9. O-O Bxc5 10. Ne5 h6 11. Nd3 Qe7 12. Nxc5 Qxc5 13. a3 Qh5 14. f3 Nc6 15.
Be1 Qc5 16. Bf2 e5 17. Nd2 Be6 18. b3 Rac8 19. Rfc1 Rfe8 20. Qb1 Kh8 21. g4 Qf8
22. h3 Nd7 23. Ne4 f5 24. Ng3 g6 25. h4 h5 26. gxf5 gxf5 27. f4 exf4 28. Bxc6
Rxc6 29. Bxd4+ Kh7 30. Nf1 Qg8+ 31. Kh1 Bd5+ 32. cxd5 Qxd5+ 33. Kg1 Rg6+ 0-1

[Event "TCh-FRA Top 16 GpB 2022"]
[Site "Chartres FRA"]
[Date "2022.06.13"]
[Round "5.1"]
[Board "6"]
[White "Degraeve, Jean-Marc"]
[Black "Godart, Francois"]
[Result "1-0"]
[WhiteTitle "GM"]
[BlackTitle "IM"]
[WhiteElo "2518"]
[BlackElo "2394"]
[WhiteTeam "Asnieres - Le Grand Echiquier"]
[BlackTeam "Les Tours des Hauts de France - St Quentin"]
[WhiteFideId "600270"]
[BlackFideId "208078"]
[EventDate "2022.06.09"]

1. e4 e5 2. Nf3 Nc6 3. Nc3 Nf6 4. Bb5 Bb4 5. O-O O-O 6. Bxc6 dxc6 7. d3 Nd7 8.
Ne2 Re8 9. b3 Nf8 10. Bb2 Ng6 11. Ng3 Bd6 12. d4 exd4 13. Qxd4 f6 14. Rfe1 Bg4
15. Qc4+ Kh8 16. Nd4 Be5 17. f3 Bd7 18. Rad1 Qc8 19. Ba1 a5 20. a4 Qb8 21. Ngf5
Ne7 22. Qf7 Bxf5 23. Nxf5 Nxf5 24. exf5 Rf8 25. Qc4 Qa7+ 26. Kh1 Bd6 27. Re6
Rad8 28. Rde1 Qf2 29. R6e2 Qc5 30. Qg4 Qd5 31. Bc3 b6 32. h4 Qc5 33. Re3 Rg8 34.
h5 Rd7 35. h6 Bf8 36. Qf4 gxh6 37. Bxf6+ Bg7 38. Bxg7+ Rdxg7 39. R1e2 Rf7 40.
Re5 Qf8 41. Re6 Rxf5 42. Qd4+ Qg7 43. Qxg7+ Kxg7 44. Rxc6 Rf7 45. Re4 Rd8 46.
Rg4+ Kf8 47. Rxh6 Rd1+ 48. Kh2 Rd2 49. Rc6 Rxf3 50. Rxc7 Rff2 51. Rxh7 Rxc2 52.
Rh6 b5 53. Rh5 1-0

[Event "TCh-FRA Top 16 GpB 2022"]
[Site "Chartres FRA"]
[Date "2022.06.13"]
[Round "5.1"]
[Board "7"]
[White "Heinz, Timothee"]
[Black "Goldsztejn, Gildas"]
[Result "1/2-1/2"]
[WhiteTitle "FM"]
[BlackTitle "IM"]
[WhiteElo "2377"]
[BlackElo "2413"]
[WhiteTeam "Les Tours des Hauts de France - St Quentin"]
[BlackTeam "Asnieres - Le Grand Echiquier"]
[WhiteFideId "623369"]
[BlackFideId "612375"]
[EventDate "2022.06.09"]

1. d4 f5 2. g3 Nf6 3. Bg2 g6 4. c3 Bg7 5. Nd2 Nc6 6. e4 fxe4 7. Nxe4 Nxe4 8.
Bxe4 d5 9. Bg2 O-O 10. Bf4 a5 11. a4 b6 12. Ne2 Bb7 13. Qb3 e6 14. O-O Ba6 15.
Qc2 g5 16. Be3 e5 17. dxe5 Nxe5 18. Bd4 Re8 19. Rfd1 c6 20. Bxe5 Rxe5 21. Nd4
Qf6 22. Re1 Rae8 23. Rxe5 Rxe5 24. Qb3 c5 25. Bxd5+ Kh8 26. Nb5 Re2 27. Rf1 Bc8
28. Na3 1/2-1/2

[Event "TCh-FRA Top 16 GpB 2022"]
[Site "Chartres FRA"]
[Date "2022.06.13"]
[Round "5.1"]
[Board "8"]
[White "Guichard, Pauline"]
[Black "Monpeurt, Cyrielle"]
[Result "1-0"]
[WhiteTitle "IM"]
[BlackTitle "WFM"]
[WhiteElo "2377"]
[BlackElo "2172"]
[WhiteTeam "Asnieres - Le Grand Echiquier"]
[BlackTeam "Les Tours des Hauts de France - St Quentin"]
[WhiteFideId "639370"]
[BlackFideId "677400"]
[EventDate "2022.06.09"]

1. d4 d5 2. c4 c6 3. Nc3 Nf6 4. e3 Bf5 5. cxd5 cxd5 6. Qb3 Nc6 7. Qxb7 Bd7 8.
Qb3 Rb8 9. Qd1 e5 10. Nf3 Bd6 11. dxe5 Nxe5 12. Nd4 O-O 13. Be2 Ne4 14. O-O Nxc3
15. bxc3 Qc7 16. a4 Ng6 17. h3 Bh2+ 18. Kh1 Be5 19. Ba3 Rfe8 20. Rc1 Qc8 21. Bg4
f5 22. Bf3 Kh8 23. Bxd5 f4 24. Qh5 Bf6 25. Bd6 Rb6 26. Bxf4 Nh4 27. a5 Ra6 28.
Rb1 g6 29. Qe2 Rxa5 30. c4 Rxd5 31. cxd5 Bxh3 32. Rg1 Be5 33. Ne6 Rxe6 34. dxe6 1-0

[Event "TCh-FRA Top 16 GpB 2022"]
[Site "Chartres FRA"]
[Date "2022.06.13"]
[Round "5.2"]
[Board "1"]
[White "Erigaisi, Arjun"]
[Black "Le Hetet, Nicolas"]
[Result "1-0"]
[WhiteTitle "GM"]
[BlackTitle "FM"]
[WhiteElo "2681"]
[BlackElo "2372"]
[WhiteTeam "Mulhouse Philidor"]
[BlackTeam "Echiquier Agenais"]
[WhiteFideId "35009192"]
[BlackFideId "634824"]
[EventDate "2022.06.09"]

1. e4 c5 2. Nf3 Nc6 3. d4 cxd4 4. Nxd4 e5 5. Nb5 d6 6. N1c3 a6 7. Na3 b5 8. Nd5
Nge7 9. Bd3 Nxd5 10. exd5 Ne7 11. c4 g6 12. cxb5 Bg7 13. bxa6 O-O 14. O-O Bxa6
15. Bxa6 Rxa6 16. Nb5 Qd7 17. Nc3 Nf5 18. a4 Qb7 19. Rb1 Rc8 20. Be3 Nd4 21. Qd2
Qb4 22. Qd3 Raa8 23. h3 f5 24. Qd1 Qb3 25. f3 Rc4 26. Qd2 Qb4 27. Rfd1 Bf6 28.
Qf2 Rcc8 29. Kh1 Kg7 30. Qd2 Nb3 31. Qd3 Nd4 32. Re1 Bh4 33. Rf1 Qc4 34. Qd2 Nb3
35. Qd1 Nd4 36. g4 Bf6 37. f4 h6 38. Rg1 Kh7 39. gxf5 Nxf5 40. Qg4 Rg8 41. fxe5
Qd3 42. exf6 Nxe3 43. Qg3 Qd4 44. Qxd6 Ra7 45. Qe6 Qf4 46. Qe4 Rxa4 47. Qxf4
Rxf4 48. Rg3 Nf5 49. Rg4 Rf3 50. Ra1 h5 51. Rga4 Re8 52. Ne4 Rxh3+ 53. Kg2 Re3
54. f7 Rf8 55. Ng5+ Kh6 56. Ra8 Kxg5 57. Rxf8 Kg4 58. Ra4+ 1-0

[Event "TCh-FRA Top 16 GpB 2022"]
[Site "Chartres FRA"]
[Date "2022.06.13"]
[Round "5.2"]
[Board "2"]
[White "Favarel, Julien"]
[Black "Mendonca, Leon Luke"]
[Result "0-1"]
[WhiteTitle "FM"]
[BlackTitle "GM"]
[WhiteElo "2312"]
[BlackElo "2562"]
[WhiteTeam "Echiquier Agenais"]
[BlackTeam "Mulhouse Philidor"]
[WhiteFideId "633453"]
[BlackFideId "35028561"]
[EventDate "2022.06.09"]

1. e4 c6 2. d4 d5 3. e5 Bf5 4. c4 e6 5. Nc3 Ne7 6. Nf3 Bg4 7. Bg5 h6 8. Be3 Nf5
9. h3 Bxf3 10. Qxf3 dxc4 11. O-O-O Bb4 12. d5 cxd5 13. Nxd5 Qa5 14. Bb6 axb6 15.
Nc7+ Kf8 16. Qxb7 Qa7 17. Qxa7 Rxa7 18. Rd8+ Ke7 19. Rxh8 Nc6 20. Nb5 Rxa2 21.
Kb1 Ra5 22. Bxc4 Nxe5 23. Be2 Bc5 24. g4 Nh4 25. Rb8 Ra4 26. Nc3 Rb4 27. Rd1
Nhg6 28. Rb7+ Kf6 29. Bd3 Nxd3 30. Rxd3 Nf4 31. Rdd7 Kg5 32. Rxf7 Kh4 33. Kc2 g5
34. f3 Kxh3 35. Rf6 Kg2 36. Rxh6 Kxf3 37. Ra7 Kxg4 38. Ra4 Rxa4 39. Nxa4 Bf2 40.
Nc3 Kf3 41. Rf6 g4 42. Kd2 g3 43. Ne2 Be3+ 44. Ke1 g2 45. Kd1 0-1

[Event "TCh-FRA Top 16 GpB 2022"]
[Site "Chartres FRA"]
[Date "2022.06.13"]
[Round "5.2"]
[Board "3"]
[White "Rakotomaharo, Fy Antenaina"]
[Black "Ternault, Mathieu"]
[Result "1/2-1/2"]
[WhiteTitle "IM"]
[BlackTitle "FM"]
[WhiteElo "2466"]
[BlackElo "2367"]
[WhiteTeam "Mulhouse Philidor"]
[BlackTeam "Echiquier Agenais"]
[WhiteFideId "13100050"]
[BlackFideId "20641532"]
[EventDate "2022.06.09"]

1. e4 e6 2. d4 d5 3. e5 c5 4. c3 Nc6 5. Nf3 Bd7 6. Be2 Nge7 7. Na3 cxd4 8. cxd4
Ng6 9. h4 Be7 10. g3 O-O 11. h5 Nh8 12. Bf4 Rc8 13. Kf1 a6 14. Nc2 f6 15. Kg2
Nf7 16. Bd3 f5 17. Qd2 Na5 18. b3 Bb5 19. Bxb5 axb5 20. Nb4 Nc6 21. Nd3 Qa5 22.
Qxa5 Nxa5 23. Bd2 Nc6 24. Nf4 Ng5 25. Nxd5 Nxf3 26. Nxe7+ Nxe7 27. Kxf3 Nc6 28.
Be3 Rfd8 29. Rhc1 Rd5 30. a4 bxa4 31. bxa4 Nxd4+ 32. Kg2 Rxc1 33. Rxc1 Nc6 34.
Rb1 Ra5 35. h6 gxh6 36. Rxb7 Rxa4 37. Bxh6 Ra7 38. Rb6 Rc7 39. Rb5 Kf7 40. Rc5
Rc8 41. Bg5 1/2-1/2

[Event "TCh-FRA Top 16 GpB 2022"]
[Site "Chartres FRA"]
[Date "2022.06.13"]
[Round "5.2"]
[Board "4"]
[White "Boukhris-Ferre, Yacine"]
[Black "Burri, Quentin"]
[Result "0-1"]
[BlackTitle "IM"]
[WhiteElo "2183"]
[BlackElo "2402"]
[WhiteTeam "Echiquier Agenais"]
[BlackTeam "Mulhouse Philidor"]
[WhiteFideId "697087"]
[BlackFideId "26028654"]
[EventDate "2022.06.09"]

1. e4 c5 2. Nf3 d6 3. Bb5+ Nd7 4. d4 cxd4 5. Nxd4 Nf6 6. O-O a6 7. Bd3 g6 8. Nc3
Bg7 9. h3 O-O 10. Be3 e6 11. a4 Qc7 12. a5 Nc5 13. b4 Nxd3 14. Qxd3 Bd7 15. Nde2
d5 16. exd5 Nxd5 17. Nxd5 exd5 18. Nd4 Rac8 19. Rfd1 Qc4 20. Ra3 Qxb4 21. Rb3
Qxa5 22. Rxb7 Qa4 23. Rb6 Rc4 24. Rd6 Bc6 25. Nxc6 Rxc6 26. Qxd5 Rxd6 27. Qxd6
Qxc2 28. Rc1 Qa4 29. g3 Qb5 30. Rc5 Qb1+ 31. Rc1 Qa2 32. h4 h5 33. Rc6 a5 34.
Ra6 Rc8 35. Qb6 Bc3 36. Ra7 Qd5 37. Kh2 Kg7 38. Kg1 Rc6 39. Qb7 Be5 40. Kh2 Qf3
41. Bc5 Bc7 42. Qb2+ Kh7 43. Bf8 Be5 44. Qd2 Rc4 45. Be7 Rd4 46. Qe3 Bxg3+ 0-1

[Event "TCh-FRA Top 16 GpB 2022"]
[Site "Chartres FRA"]
[Date "2022.06.13"]
[Round "5.2"]
[Board "5"]
[White "Terrieux, Kevin"]
[Black "Domenech, Vianney"]
[Result "1-0"]
[WhiteTitle "IM"]
[WhiteElo "2448"]
[BlackElo "2266"]
[WhiteTeam "Mulhouse Philidor"]
[BlackTeam "Echiquier Agenais"]
[WhiteFideId "622591"]
[BlackFideId "656089"]
[EventDate "2022.06.09"]

1. d4 Nf6 2. c4 g6 3. h4 Bg7 4. Nc3 d6 5. e4 a6 6. Be2 O-O 7. h5 c5 8. hxg6 fxg6
9. d5 b5 10. e5 dxe5 11. cxb5 axb5 12. Bxb5 e4 13. Nh3 Nbd7 14. Ng5 Ne5 15. Be2
Bf5 16. Ne6 Bxe6 17. dxe6 Qb6 18. Qc2 Nc6 19. Nxe4 Qb4+ 20. Nc3 Ne4 21. Rh4 Nxc3
22. Rxb4 Nxb4 23. Qb3 Rfb8 24. Kf1 Nd3 25. Qc4 Nxb2 26. Bxb2 Rxb2 27. Bf3 Ra5
28. Rc1 Raxa2 29. Ke1 Rxf2 30. Qxc5 Rfb2 31. Qc8+ 1-0

[Event "TCh-FRA Top 16 GpB 2022"]
[Site "Chartres FRA"]
[Date "2022.06.13"]
[Round "5.2"]
[Board "6"]
[White "Louis, Thibault"]
[Black "Papadiamandis, Elliot"]
[Result "0-1"]
[WhiteTitle "FM"]
[BlackTitle "IM"]
[WhiteElo "2154"]
[BlackElo "2372"]
[WhiteTeam "Echiquier Agenais"]
[BlackTeam "Mulhouse Philidor"]
[WhiteFideId "681369"]
[BlackFideId "36074160"]
[EventDate "2022.06.09"]

1. e4 c5 2. Nf3 d6 3. d4 cxd4 4. Nxd4 Nf6 5. Bb5+ Nbd7 6. O-O g6 7. Nc3 Bg7 8.
h3 O-O 9. Re1 a6 10. Bf1 Re8 11. a4 b6 12. g4 h6 13. Bg2 e5 14. Nb3 Qc7 15. Nd2
Bb7 16. Nf1 Nc5 17. Ne3 Ne6 18. Ned5 Nxd5 19. Nxd5 Bxd5 20. exd5 Nc5 21. Ra3 b5
22. axb5 axb5 23. Rxa8 Rxa8 24. Qe2 Rb8 25. Be3 Na4 26. b3 Nc5 27. Bxc5 Qxc5 28.
Qd3 Ra8 29. Bf1 Ra5 30. Rd1 Bf6 31. Rd2 Bg5 32. Re2 Kg7 33. Re1 b4 34. Bg2 Bh4
35. Re2 Ra1+ 36. Bf1 Ra5 37. Bg2 Ra2 38. Be4 Ra1+ 39. Kg2 Qa7 40. Qe3 Qc7 41.
Re1 Ra2 42. Re2 Bg5 43. Qd3 Ra1 44. Qc4 Qa5 45. f3 Bh4 46. Bd3 Qa7 0-1

[Event "TCh-FRA Top 16 GpB 2022"]
[Site "Chartres FRA"]
[Date "2022.06.13"]
[Round "5.2"]
[Board "7"]
[White "Riff, Jean-Noel"]
[Black "Roubert, Emile"]
[Result "1-0"]
[WhiteTitle "GM"]
[WhiteElo "2451"]
[BlackElo "2027"]
[WhiteTeam "Mulhouse Philidor"]
[BlackTeam "Echiquier Agenais"]
[WhiteFideId "611190"]
[BlackFideId "680311"]
[EventDate "2022.06.09"]

1. e4 e5 2. Nf3 Nc6 3. Bb5 a6 4. Ba4 Nf6 5. O-O b5 6. Bb3 Bb7 7. d3 Bd6 8. a4
O-O 9. c3 h6 10. Nh4 Na5 11. Ba2 c5 12. Qf3 Nxe4 13. Nf5 Ng5 14. Qg4 Qf6 15. h4
Nh7 16. Bxh6 g6 17. Nxd6 Qxd6 18. Bxf8 Nxf8 19. axb5 axb5 20. Na3 Qb6 21. Rfe1
Re8 22. d4 cxd4 23. cxd4 e4 24. d5 b4 25. Nc4 Nxc4 26. Bxc4 Qd4 27. b3 d6 28.
Rad1 Qe5 29. f3 Bc8 30. Qxe4 1-0

[Event "TCh-FRA Top 16 GpB 2022"]
[Site "Chartres FRA"]
[Date "2022.06.13"]
[Round "5.2"]
[Board "8"]
[White "Bourgoin, Cecile"]
[Black "Navrotescu, Andreea"]
[Result "0-1"]
[BlackTitle "WIM"]
[WhiteElo "1682"]
[BlackElo "2350"]
[WhiteTeam "Echiquier Agenais"]
[BlackTeam "Mulhouse Philidor"]
[WhiteFideId "603147"]
[BlackFideId "675946"]
[EventDate "2022.06.09"]

1. d4 f5 2. Bf4 Nf6 3. e3 d6 4. Nc3 g6 5. h4 h6 6. Qf3 Nc6 7. O-O-O e6 8. e4 Bg7
9. e5 Nh5 10. Be3 dxe5 11. dxe5 Qe7 12. Bb5 Bd7 13. g4 fxg4 14. Qxg4 Nxe5 15.
Bxd7+ Qxd7 16. Rxd7 Nxg4 17. Rxc7 O-O 18. Bc5 Rf5 19. Ne4 b6 20. f3 bxc5 21.
fxg4 Rf1+ 22. Kd2 Nf4 23. Rxc5 Rd8+ 24. Ke3 Bd4+ 0-1

[Event "TCh-FRA Top 16 GpB 2022"]
[Site "Chartres FRA"]
[Date "2022.06.13"]
[Round "5.3"]
[Board "1"]
[White "Vernay, Clovis"]
[Black "Donchenko, Alexander"]
[Result "0-1"]
[WhiteTitle "GM"]
[BlackTitle "GM"]
[WhiteElo "2520"]
[BlackElo "2602"]
[WhiteTeam "Lyon Olympique Echecs"]
[BlackTeam "Vandoeuvre-Echecs"]
[WhiteFideId "633046"]
[BlackFideId "24603295"]
[EventDate "2022.06.09"]

1. d4 Nf6 2. c4 g6 3. Nc3 Bg7 4. e4 d6 5. f3 O-O 6. Bg5 c5 7. d5 h6 8. Be3 e6 9.
Qd2 exd5 10. cxd5 a6 11. a4 Re8 12. Nge2 Nbd7 13. Nd1 Ne5 14. Nec3 Nh5 15. Be2
g5 16. a5 Qf6 17. O-O Nf4 18. Na4 b5 19. axb6 Rb8 20. Rb1 a5 21. b3 Nxe2+ 22.
Qxe2 Nd7 23. Qb5 Qd8 24. Bd2 Nxb6 25. Bxa5 Qd7 26. Qxd7 Nxd7 27. Bc7 Ba6 28.
Bxd6 Bxf1 29. Kxf1 Rb5 30. Ndc3 Rb7 31. Ke2 Ra8 32. Kd3 Bd4 33. Kc2 Ra6 34. Be7
f6 35. Ne2 Kf7 36. Nxd4 cxd4 37. Bc5 Rxa4 0-1